| 000 | 00747nam a22001937a 4500 | ||
|---|---|---|---|
| 003 | SEM | ||
| 999 |
_c47719 _d47719 |
||
| 005 | 20220608071507.0 | ||
| 008 | 211222s1994 ai ||||gr|||||001|0 arm|d | ||
| 040 |
_aSEM _cSEM |
||
| 041 | _aarm | ||
| 080 | _a891.981-1/Պ-75 | ||
| 100 |
_aՆերսես Վանական _q(Պոզապալյան Ներսես արք.) |
||
| 245 |
_aԿանթեղ հույսի և հավատի: _bԲանաստեղծություններ, պոեմներ և թարգմանություններ / _cՆերսես վանական |
||
| 260 |
_aՍ. Էջմիածին: _bՄայր Աթոռ Ս. Էջմիածին, _c1994. |
||
| 300 |
_a124 էջ ; _bնկ.; _c21 սմ |
||
| 650 |
_aՀայ գրականություն _xպոեզիա |
||
| 653 | _aՍԷՄ | ||
| 942 |
_2udc _cBK |
||